Le Corbusier. (Record no. 354151)

000 -LEADER
fixed length control field 00676nam a22002537a 4500
003 - CONTROL NUMBER IDENTIFIER
control field OSt
005 - DATE AND TIME OF LATEST TRANSACTION
control field 20260203112734.0
008 - FIXED-LENGTH DATA ELEMENTS--GENERAL INFORMATION
fixed length control field 160408t xxu||||| |||| 00| 0 eng d
020 ## - INTERNATIONAL STANDARD BOOK NUMBER
International Standard Book Number 1858689392
020 ## - INTERNATIONAL STANDARD BOOK NUMBER
International Standard Book Number 9781858689395
020 ## - INTERNATIONAL STANDARD BOOK NUMBER
International Standard Book Number 1858689635
020 ## - INTERNATIONAL STANDARD BOOK NUMBER
International Standard Book Number 9781858689630
040 ## - CATALOGING SOURCE
Transcribing agency 0
082 ## - DEWEY DECIMAL CLASSIFICATION NUMBER
Classification number 720.924
100 1# - MAIN ENTRY--PERSONAL NAME
Personal name Darling,Elizabeth.
9 (RLIN) 119253
245 1# - TITLE STATEMENT
Title Le Corbusier.
Remainder of title Elizabeth Darling.
260 ## - PUBLICATION, DISTRIBUTION, ETC.
Place of publication, distribution, etc. London:
Name of publisher, distributor, etc. Cerlion,
Date of publication, distribution, etc. 2000.
300 ## - PHYSICAL DESCRIPTION
Extent 80p.:
Other physical details ill;
Dimensions 22cm.
650 ## - SUBJECT ADDED ENTRY--TOPICAL TERM
Topical term or geographic name entry element Le Corbusier, 1887-1965
9 (RLIN) 119254
650 ## - SUBJECT ADDED ENTRY--TOPICAL TERM
Topical term or geographic name entry element Architects
Geographic subdivision France
9 (RLIN) 33830
650 ## - SUBJECT ADDED ENTRY--TOPICAL TERM
Topical term or geographic name entry element Architecture, Modern
9 (RLIN) 32028
650 ## - SUBJECT ADDED ENTRY--TOPICAL TERM
Topical term or geographic name entry element Architecture
9 (RLIN) 8421
942 ## - ADDED ENTRY ELEMENTS (KOHA)
Source of classification or shelving scheme
Koha item type Book
Holdings
Withdrawn status Lost status Source of classification or shelving scheme Damaged status Not for loan Permanent Location Current Location Date acquired Full call number Barcode Date last seen Cost, replacement price Price effective from Koha item type
          School of Art Design and Architecture (SADA) School of Art Design and Architecture (SADA) 04/04/2016 720.924 DAR 2000 SADA0002547 04/14/2016 5999.04 04/08/2016 Book
© 2023 Central Library, National University of Sciences and Technology. All Rights Reserved.